Štatistická ročenka Slovenskej republiky 2018

Guardado en:
Detalles Bibliográficos
Autor Corporativo: Štatistický úrad Slovenskej republiky
Formato: Libro
Lenguaje:eslovaco
inglés
Publicado: Bratislava VEDA, vydavateľstvo Slovenskej akadémie vied 2018
Materias:
Etiquetas: Agregar Etiqueta
Sin Etiquetas, Sea el primero en etiquetar este registro!

MARC

LEADER 00000nlm$a2200000$$$4500
001 0252711
005 20240827080632.3
020 |a 978-80-224-1700-6 
041 0 |a slo 
041 0 |a eng 
044 |a SK 
245 1 0 |a Štatistická ročenka Slovenskej republiky 2018 
264 1 |a Bratislava  |b VEDA, vydavateľstvo Slovenskej akadémie vied  |c 2018 
300 |a CD-ROM 669 s. 
610 2 0 |a podnebie 
610 2 0 |a demografia 
610 2 0 |a štatistika sociálna 
610 2 0 |a makroekonomika 
610 2 0 |a štatistika podniková 
610 2 0 |a odvetvia činnosti ekonomickej 
610 2 0 |a kriminalita 
610 2 0 |a súdnictvo 
610 2 0 |a nehody 
610 2 0 |a pohromy živelné 
610 2 0 |a rovnosť rodová 
610 2 0 |a Slovensko 
710 2 |a Štatistický úrad Slovenskej republiky